000
00244 a2200085 4500
020
_a
9781631593802
100
_a
Chris Grimley and, Mimi Love
245
_a
The Interior Design Reference & Specification Book
260
_b
Rockport Publishers
_c
2018
999
_c
13330
_d
13330